| 000 | 00525nam a2200205Ia 4500 | ||
|---|---|---|---|
| 003 | GCL | ||
| 008 | 140319s9999 xx 000 0 ara d | ||
| 040 |
_aGCL / _cGCL |
||
| 082 | 0 | 4 |
_a701.18 _bف ض |
| 100 | 1 | _aاسعد حليم | |
| 245 | 1 | 0 |
_aضرورة الفن / _cاسعد حليم |
| 700 | 1 | _aفيشر، ارنست | |
| 300 | _a297 ص | ||
| 490 | _a | ||
| 650 | 0 | 4 | _aالفن والادب |
| 650 | 0 | 4 | _aالفن |
| 650 | 0 | 4 | _aالفن والاساطير |
| 650 | 0 | 4 | _aالفن والمجتمع |
| 942 |
_2ddc _cBK |
||
| 999 |
_c39573 _d39573 |
||